Responses for Show #5510 - Friday, July 18, 2008

Mark Wales game 1.

Contestants

[<< previous game]

Chris Tom, a bookseller from Piedmont, California

Mark Wales, a substitute teacher from Amherst, New York

Daria Labinsky, a librarian from Corrales, New Mexico (whose 1-day cash winnings total $22,100)

[next game >>]

Jeopardy! Round responses

STATES' HIGHEST POINTS
SINGLE DADS ON THE TUBE
MAKIN' STUFF
BIOLO"G"
UP THROUGH THE RANKS
(Alex: And we will rise through the ranks.)
THE SHORT FORM
    $200 1
Rhode Island

Mark
    $200 2
Smallville

Mark
    $200 11
Nike

Mark
    $200 12
genus

Mark
    $200 14
Private Practice

Daria
    $200 26
calories

Daria
    $400 7
Michigan

Mark
    $400 3
Bob Saget

Mark
    $400 16
a greyhound

Daria
    $400 13
(Mark: What is green?)

golden

Mark
Triple Stumper
    $400 15
corporal punishment

Triple Stumper
    $400 27
demolition

Mark
    $1,600 8
(Mark: What is California?)
(Alex: No, California is Mount Whitney. [*] is Boundary Peak.)

Nevada

Mark
    $600 4
[ERRATUM: The son's name was Tommy.]

St. Elsewhere

Mark
    $600 17
Johnson & Johnson

Chris
    $600 22
graft

Triple Stumper
    $600 19
the Sergeant at Arms

Mark
    $600 28
(Alex: Notice I choked on that.)

parents

Mark
    $800 9
Minnesota

Daria
    $800 5
Empty Nest

Mark
    $800 18
(George Washington) Carver

Mark
    $800 23
gonads

Triple Stumper
    $800 20
Colonel Sanders

Mark
    $800 29
Renaissance

Daria
    $1000 10
(Mark: What is Arkansas?)

Missouri

Mark
Triple Stumper
    $1000 6
(Mark: What is 24?)
(Alex: No. Chris or Daria? You realize your mistake now, Mark. You gave us the title of the series--)
(Mark: Right.)
(Alex: --not the name of the character, which is [*].)

Jack Bauer

Mark
Triple Stumper
    $1000 25
the Shakers

Mark
    $1000 24
germ theory

Chris
    $1000 21
(Chris: What's Ralston Purina?)
...
(Alex: Remember, we were going up through the ranks. We had Private Practice, corporal punishment, sergeant-at-arms, Colonel Sanders, and now [*]. [*].)

General Mills

Chris
Triple Stumper
    $1000 30
(Alex: And the cyc--and we have one here--is [*]. [*]. But no designs on it today.)

cyclorama

Triple Stumper

Scores at the first commercial break (after clue 15):

Daria Mark Chris
$1,000 -$1,000 $0

Scores at the end of the Jeopardy! Round:

Daria Mark Chris
$2,400 $3,200 $600

Double Jeopardy! Round responses

STAR WARS
LUKE
HAND, SOLO
CHEWY
BUBBA FETE
"R"2 "D"2
(Alex: And in that last category, each correct response will have 2 "R"s and 2 "D"s.)
    $400 1
Denise Richards

Daria
    $400 16
David

Mark
    $400 11
the piano

Daria
    $400 6
Doublemint

Chris
    $400 21
U.S. Senate

Mark
    $400 26
irradiated

Triple Stumper
    $800 2
Shannen Doherty

Mark
    $800 17
Jerusalem

Mark
    $800 12
saluting

Chris
    $800 7
licorice

Mark
    $800 22
Harlem

Mark
    $800 27
corroded

Chris
    $1200 3
Notorious B.I.G.

Daria
    $1200 18
Herod

Mark
    $1200 13
darts

Mark
    $1200 8
nougat

Chris
    $1,200 23
MTV

Mark
    $1200 29
Ridder

Daria
    $1,000 4
(Daria: What is the Scientologists?)

the National Rifle Association (NRA)

Daria
    $1600 19
John the Baptist

Daria
    $1600 14
paper, rock & scissor

Chris
    $1600 9
caramel

Mark
    $1600 24
the Bill Clinton Library

Mark
    $1600 28
rudderless

Chris
    $2000 5
(Alex: And I would have liked to have seen it--[*].)

"The Body"

Triple Stumper
    $2000 20
5,000

Chris
    $2000 15
Zen

Chris
    $2000 10
oyster mushrooms

Daria
    $2000 25
Terry McAuliffe

Triple Stumper
    $2000 30
(Daria: What is "rotunderer"?)
(Alex: [Laughs] No.)
...
(Alex: Rubicund. [*]. [*]. Going for color, not size.)

redder

Daria
Triple Stumper

Scores at the end of the Double Jeopardy! Round:

Daria Mark Chris
$6,200 $14,000 $11,000

[wagering suggestions for these scores]

Final Jeopardy! Round responses

CHARACTERS IN SHAKESPEARE
(Alex: [To Daria] Well, you are in the right play. The play is The Tempest, but your response is not what we were looking for.)
DariaWho is The Tempest?
$6,199
ChrisWho is Caliban?
$1,300
MarkWho is Caliban?
$8,001
Caliban

Final scores:

Daria Mark Chris
$1 $22,001 $12,300
3rd place: $1,000 New champion: $22,001 2nd place: $2,000

Game dynamics:

Coryat scores:

Daria Mark Chris
$7,200 $15,600 $11,000
11 R,
2 W
(including 1 DD)
25 R
(including 1 DD),
4 W
(including 1 DD)
10 R,
1 W

Combined Coryat: $33,800

[game clues] [game scores] [suggest correction]

Game tape date: 2008-04-22
The J! Archive is created by fans, for fans. Scraping, republication, monetization, and malicious use prohibited; this site may use cookies and collect identifying information. See terms. The Jeopardy! game show and all elements thereof, including but not limited to copyright and trademark thereto, are the property of Jeopardy Productions, Inc. and are protected under law. This website is not affiliated with, sponsored by, or operated by Jeopardy Productions, Inc. Join the discussion at JBoard.tv.